Landen met een letter - W - Statistieken

Algemene statistieken
  • Deze quiz is 183 keer genomen
  • De gemiddelde score is 9 van 14
Antwoordstatistieken
Categorie Land % Correct
1 x W Zwitserland
83%
1 x W Zweden
77%
1 x W Nieuw-Zeeland
71%
1 x W Zimbabwe
71%
1 x W Eswatini
69%
1 x W Malawi
66%
1 x W Noorwegen
60%
1 x W Slowakije
60%
1 x W Litouwen
57%
1 x W Rwanda
57%
1 x W Taiwan
54%
1 x W Koeweit
51%
1 x W Papoea-Nieuw-Guinea
46%
1 x W Botswana
37%
Geen overeenkomende quizzen gevonden
Scoreverdeling
Procent van Mensen met Elke Score
Percentiel versus Aantal Correcte Antwoorden
Uw Scoregeschiedenis
U heeft deze quiz nog niet genomen